| 000 | 00450nam a2200169 a 4500 | ||
|---|---|---|---|
| 001 | 0000-9053 | ||
| 003 | ELIB.Books | ||
| 008 | 110520 1964 | ||
| 035 | _a(ELIB.Books)0000-9202 | ||
| 082 |
_a225.7 _bSto |
||
| 100 | _aStott, John R.W. | ||
| 245 | _aTyndale (The Epistles of John) | ||
| 260 |
_bGrand Rapids: Wm. B. Eerdmans Publishing Co. _c1964 |
||
| 650 | _aCommentaries | ||
| 942 |
_2ddc _cBK |
||
| 998 |
_cbat _e2011-05-20 |
||
| 999 |
_c9053 _d9053 |
||